Laboratorio de fisica IV : manual de practicas

Guardat en:
Dades bibliogràfiques
Autor principal: Jiménez Dam, Ricardo
Altres autors: Bolívar Sánchez, Jorge Alberto, Umaña di Palma, Mario
Format: Llibre
Idioma:Spanish
Publicat: San José, Costa Rica : Editorial de la Universidad de Costa Rica, 1991.
Matèries:
Etiquetes: Afegir etiqueta
Sense etiquetes, Sigues el primer a etiquetar aquest registre!

MARC

LEADER 00000nam a2200000Ia 4500
003 000467
005 20221231144006.0
008 140114s1991 cr a 000 ||spa d
040 |c cru CEDI 
082 |a 530.028 J91-l 
100 |a Jiménez Dam, Ricardo  |9 19820 
245 |a Laboratorio de fisica IV : manual de practicas 
260 |a San José, Costa Rica : Editorial de la Universidad de Costa Rica,   |c 1991. 
300 |a 128 páginas : ilustraciones ; 26 cm 
650 |x FISICA - TEORIAS  |9 19823 
700 |9 19821  |a Bolívar Sánchez, Jorge Alberto 
700 |9 19822  |a Umaña di Palma, Mario 
942 |2 ddc  |c BK 
999 |c 15311  |d 15311